{"text_format":"3","workbook":"xlsx","n_sheets":1,"sheets":["Предмет"],"not_rendered":{"defined_names":8},"read":"whole","date_system":"1900"}

{"sheet":"Предмет","index":0,"n_rows":74,"n_cols":12,"rows_kept":74}
["№","Фамилия","Имя","Пол","Класс","Класс участия","Балл","Макс. Балл","Статус","Призер МЭ прошлого года","Учитель","Место работы учителя"]
[1,3,4,6,9,10,11,12,13,14,15,16]
[1,"Нарушева","Дарья ","ж",11,10,50,100,"призер","нет","Гурьянова Светлана Анатольевна","Муниципальное бюджетное общеобразовательное учреждение \"Средняя общеобразовательная школа № 27 с углубленным изучением отдельных предметов\" Нижнекамского муниципального района  Республики Татарстан"]
[2,"Афанасьева","Виктория","ж",11,10,39,100,"участник","нет","Гурьянова Светлана Анатольевна","Муниципальное бюджетное общеобразовательное учреждение \"Средняя общеобразовательная школа № 27 с углубленным изучением отдельных предметов\" Нижнекамского муниципального района  Республики Татарстан"]
[3,"Бабишева","Карина","ж",11,10,37,100,"участник","нет","Гурьянова Светлана Анатольевна","Муниципальное бюджетное общеобразовательное учреждение \"Средняя общеобразовательная школа № 27 с углубленным изучением отдельных предметов\" Нижнекамского муниципального района  Республики Татарстан"]
[4,"Бердникова","Дарья ","ж",11,10,36,100,"участник","нет ","Гурьянова Светлана Анатольевна","Муниципальное бюджетное общеобразовательное учреждение \"Средняя общеобразовательная школа № 27 с углубленным изучением отдельных предметов\" Нижнекамского муниципального района  Республики Татарстан"]
[5,"Галиева","Самира","ж",11,10,28,100,"участник","нет","Гурьянова Светлана Анатольевна","Муниципальное бюджетное общеобразовательное учреждение \"Средняя общеобразовательная школа № 27 с углубленным изучением отдельных предметов\" Нижнекамского муниципального района  Республики Татарстан"]
[6,"Большаков ","Ярослав ","м",11,10,26,100,"участник","нет","Гурьянова Светлана Анатольевна","Муниципальное бюджетное общеобразовательное учреждение \"Средняя общеобразовательная школа № 27 с углубленным изучением отдельных предметов\" Нижнекамского муниципального района  Республики Татарстан"]
[7,"Евдокимова ","Ксения ","ж",11,10,25,100,"участник","нет","Гурьянова Светлана Анатольевна","Муниципальное бюджетное общеобразовательное учреждение \"Средняя общеобразовательная школа № 27 с углубленным изучением отдельных предметов\" Нижнекамского муниципального района  Республики Татарстан"]
[8,"Жирнова","Амелия","ж",11,10,21,100,"участник","нет","Гурьянова Светлана Анатольевна","Муниципальное бюджетное общеобразовательное учреждение \"Средняя общеобразовательная школа № 27 с углубленным изучением отдельных предметов\" Нижнекамского муниципального района  Республики Татарстан"]
[9,"Камалова ","Диана ","ж",11,10,18,100,"участник","нет","Гурьянова Светлана Анатольевна","Муниципальное бюджетное общеобразовательное учреждение \"Средняя общеобразовательная школа № 27 с углубленным изучением отдельных предметов\" Нижнекамского муниципального района  Республики Татарстан"]
[10,"Кирилова","Елизавета","ж",11,10,15,100,"участник","нет","Гурьянова Светлана Анатольевна","Муниципальное бюджетное общеобразовательное учреждение \"Средняя общеобразовательная школа № 27 с углубленным изучением отдельных предметов\" Нижнекамского муниципального района  Республики Татарстан"]
[11,"Камалова","Венера","ж",10,10,76,100,"Победитель","нет","Гурьянова Светлана Анатольевна","Муниципальное бюджетное общеобразовательное учреждение \"Средняя общеобразовательная школа № 27 с углубленным изучением отдельных предметов\" Нижнекамского муниципального района  Республики Татарстан"]
[12,"Мазитов","Артур","м",10,10,54,100,"Призер","нет","Гурьянова Светлана Анатольевна","Муниципальное бюджетное общеобразовательное учреждение \"Средняя общеобразовательная школа № 27 с углубленным изучением отдельных предметов\" Нижнекамского муниципального района  Республики Татарстан"]
[13,"Шадрухина","Софья","ж",10,10,41,100,"участник","нет","Гурьянова Светлана Анатольевна","Муниципальное бюджетное общеобразовательное учреждение \"Средняя общеобразовательная школа № 27 с углубленным изучением отдельных предметов\" Нижнекамского муниципального района  Республики Татарстан"]
[14,"Денисов","Макар ","м",10,10,39,100,"участник","нет","Гурьянова Светлана Анатольевна","Муниципальное бюджетное общеобразовательное учреждение \"Средняя общеобразовательная школа № 27 с углубленным изучением отдельных предметов\" Нижнекамского муниципального района  Республики Татарстан"]
[15,"Дорофеев ","Артур ","м",10,10,38,100,"участник","нет","Гурьянова Светлана Анатольевна","Муниципальное бюджетное общеобразовательное учреждение \"Средняя общеобразовательная школа № 27 с углубленным изучением отдельных предметов\" Нижнекамского муниципального района  Республики Татарстан"]
[16,"Дудалова ","Дарья ","ж",10,10,37,100,"участник","нет","Гурьянова Светлана Анатольевна","Муниципальное бюджетное общеобразовательное учреждение \"Средняя общеобразовательная школа № 27 с углубленным изучением отдельных предметов\" Нижнекамского муниципального района  Республики Татарстан"]
[17,"Бадыйков ","Артём ","м",10,10,36,100,"участник","нет","Гурьянова Светлана Анатольевна","Муниципальное бюджетное общеобразовательное учреждение \"Средняя общеобразовательная школа № 27 с углубленным изучением отдельных предметов\" Нижнекамского муниципального района  Республики Татарстан"]
[18,"Гурьянов ","Денис ","м",10,10,33,100,"участник","нет","Гурьянова Светлана Анатольевна","Муниципальное бюджетное общеобразовательное учреждение \"Средняя общеобразовательная школа № 27 с углубленным изучением отдельных предметов\" Нижнекамского муниципального района  Республики Татарстан"]
[19,"Загидуллин","Карим ","м",10,10,31,100,"участник","нет","Гурьянова Светлана Анатольевна","Муниципальное бюджетное общеобразовательное учреждение \"Средняя общеобразовательная школа № 27 с углубленным изучением отдельных предметов\" Нижнекамского муниципального района  Республики Татарстан"]
[20,"Закиров ","Малик ","м",10,10,28,100,"участник","нет","Гурьянова Светлана Анатольевна","Муниципальное бюджетное общеобразовательное учреждение \"Средняя общеобразовательная школа № 27 с углубленным изучением отдельных предметов\" Нижнекамского муниципального района  Республики Татарстан"]
[21,"Зубайров ","Карим ","м",10,10,27,100,"участник","нет","Гурьянова Светлана Анатольевна","Муниципальное бюджетное общеобразовательное учреждение \"Средняя общеобразовательная школа № 27 с углубленным изучением отдельных предметов\" Нижнекамского муниципального района  Республики Татарстан"]
[22,"Ильясова ","Ралина ","ж",10,10,26,100,"участник","нет","Гурьянова Светлана Анатольевна","Муниципальное бюджетное общеобразовательное учреждение \"Средняя общеобразовательная школа № 27 с углубленным изучением отдельных предметов\" Нижнекамского муниципального района  Республики Татарстан"]
[23,"Карамова ","Алия ","ж",10,10,25,100,"участник","нет","Гурьянова Светлана Анатольевна","Муниципальное бюджетное общеобразовательное учреждение \"Средняя общеобразовательная школа № 27 с углубленным изучением отдельных предметов\" Нижнекамского муниципального района  Республики Татарстан"]
[24,"Кольчурин ","Альберт ","м",10,10,25,100,"участник","нет","Гурьянова Светлана Анатольевна","Муниципальное бюджетное общеобразовательное учреждение \"Средняя общеобразовательная школа № 27 с углубленным изучением отдельных предметов\" Нижнекамского муниципального района  Республики Татарстан"]
[25,"Маврин ","Тимур ","м",10,10,24,100,"участник","нет","Гурьянова Светлана Анатольевна","Муниципальное бюджетное общеобразовательное учреждение \"Средняя общеобразовательная школа № 27 с углубленным изучением отдельных предметов\" Нижнекамского муниципального района  Республики Татарстан"]
[26,"Попова","Кристина","ж",10,10,23,100,"участник","нет","Гурьянова Светлана Анатольевна","Муниципальное бюджетное общеобразовательное учреждение \"Средняя общеобразовательная школа № 27 с углубленным изучением отдельных предметов\" Нижнекамского муниципального района  Республики Татарстан"]
[27,"Вильданова","Рената","ж",10,10,22,100,"участник","нет","Гурьянова Светлана Анатольевна","Муниципальное бюджетное общеобразовательное учреждение \"Средняя общеобразовательная школа № 27 с углубленным изучением отдельных предметов\" Нижнекамского муниципального района  Республики Татарстан"]
[28,"Матвеев","Никита","м",10,10,21,100,"участник","нет","Гурьянова Светлана Анатольевна","Муниципальное бюджетное общеобразовательное учреждение \"Средняя общеобразовательная школа № 27 с углубленным изучением отдельных предметов\" Нижнекамского муниципального района  Республики Татарстан"]
[29,"Шайдуллина","Карина ","ж",10,10,20,100,"участник","нет","гурьянова Светлана Анатольевна","Муниципальное бюджетное общеобразовательное учреждение \"Средняя общеобразовательная школа № 27 с углубленным изучением отдельных предметов\" Нижнекамского муниципального района  Республики Татарстан"]
[30,"Миннуллина","Сафия","ж",10,10,18,100,"участник","нет","Гурьянова Светлана Анатольевна","Муниципальное бюджетное общеобразовательное учреждение \"Средняя общеобразовательная школа № 27 с углубленным изучением отдельных предметов\" Нижнекамского муниципального района  Республики Татарстан"]
[31,"Уткина","Арина","ж",9,9,52,100,"Призер","нет","Бутов Константин Павлович","Муниципальное бюджетное общеобразовательное учреждение \"Средняя общеобразовательная школа № 27 с углубленным изучением отдельных предметов\" Нижнекамского муниципального района  Республики Татарстан"]
[32,"Шарифуллина","Арина","ж",9,9,38,100,"участник","нет","Бутов Константин Павлович","Муниципальное бюджетное общеобразовательное учреждение \"Средняя общеобразовательная школа № 27 с углубленным изучением отдельных предметов\" Нижнекамского муниципального района  Республики Татарстан"]
[33," Кашапов","Шакир","м",9,9,37,100,"участник","нет","Бутов Константин Павлович","Муниципальное бюджетное общеобразовательное учреждение \"Средняя общеобразовательная школа № 27 с углубленным изучением отдельных предметов\" Нижнекамского муниципального района  Республики Татарстан"]
[34,"Шарипова","Ралина","ж",9,9,36,100,"участник","нет","Бутов Константин Павлович","Муниципальное бюджетное общеобразовательное учреждение \"Средняя общеобразовательная школа № 27 с углубленным изучением отдельных предметов\" Нижнекамского муниципального района  Республики Татарстан"]
[35,"Давлетшина","Ильвира","ж",9,9,28,100,"участник","нет","Бутов Константин Павлович","Муниципальное бюджетное общеобразовательное учреждение \"Средняя общеобразовательная школа № 27 с углубленным изучением отдельных предметов\" Нижнекамского муниципального района  Республики Татарстан"]
[36,"Калимуллин","Самир","м",9,9,26,100,"участник","нет","Бутов Константин Павлович","Муниципальное бюджетное общеобразовательное учреждение \"Средняя общеобразовательная школа № 27 с углубленным изучением отдельных предметов\" Нижнекамского муниципального района  Республики Татарстан"]
[37,"Нурмухаметов","Ихсан","м",9,9,25,100,"участник","нет","Бутов Константин Павлович","Муниципальное бюджетное общеобразовательное учреждение \"Средняя общеобразовательная школа № 27 с углубленным изучением отдельных предметов\" Нижнекамского муниципального района  Республики Татарстан"]
[38,"Воронина"," Юлия","ж",9,9,21,100,"участник","нет","Бутов Константин Павлович","Муниципальное бюджетное общеобразовательное учреждение \"Средняя общеобразовательная школа № 27 с углубленным изучением отдельных предметов\" Нижнекамского муниципального района  Республики Татарстан"]
[39,"Хайрутдинов "," Данис ","м",9,9,18,100,"участник","нет","Бутов Константин Павлович","Муниципальное бюджетное общеобразовательное учреждение \"Средняя общеобразовательная школа № 27 с углубленным изучением отдельных предметов\" Нижнекамского муниципального района  Республики Татарстан"]
[40,"Гайниев","Исмагил","м",9,9,15,100,"участник","нет","Бутов Константин Павлович","Муниципальное бюджетное общеобразовательное учреждение \"Средняя общеобразовательная школа № 27 с углубленным изучением отдельных предметов\" Нижнекамского муниципального района  Республики Татарстан"]
[41,"Петровская","Риана","ж",8,8,52,100,"Призер","нет","Бутов Константин Павлович","Муниципальное бюджетное общеобразовательное учреждение \"Средняя общеобразовательная школа № 27 с углубленным изучением отдельных предметов\" Нижнекамского муниципального района  Республики Татарстан"]
[42,"Антонов ","Артур","м",8,8,41,100,"участник","нет","Бутов Константин Павлович","Муниципальное бюджетное общеобразовательное учреждение \"Средняя общеобразовательная школа № 27 с углубленным изучением отдельных предметов\" Нижнекамского муниципального района  Республики Татарстан"]
[43,"Габдрахманов","Ранель","м",8,8,39,100,"участник","нет","Бутов Константин Павлович","Муниципальное бюджетное общеобразовательное учреждение \"Средняя общеобразовательная школа № 27 с углубленным изучением отдельных предметов\" Нижнекамского муниципального района  Республики Татарстан"]
[44,"Абдурахманова","Алина","ж",8,8,37,100,"участник","нет","Бутов Константин Павлович","Муниципальное бюджетное общеобразовательное учреждение \"Средняя общеобразовательная школа № 27 с углубленным изучением отдельных предметов\" Нижнекамского муниципального района  Республики Татарстан"]
[45,"Амирова","Сюмбель","ж",8,8,36,100,"участник","нет","Бутов Константин Павлович","Муниципальное бюджетное общеобразовательное учреждение \"Средняя общеобразовательная школа № 27 с углубленным изучением отдельных предметов\" Нижнекамского муниципального района  Республики Татарстан"]
[46,"Абдрахманова","Диляра","ж",8,8,35,100,"участник","нет","Бутов Константин Павлович","Муниципальное бюджетное общеобразовательное учреждение \"Средняя общеобразовательная школа № 27 с углубленным изучением отдельных предметов\" Нижнекамского муниципального района  Республики Татарстан"]
[47,"Бикметов","Самат","м",8,8,34,100,"участник","нет","Бутов Константин Павлович","Муниципальное бюджетное общеобразовательное учреждение \"Средняя общеобразовательная школа № 27 с углубленным изучением отдельных предметов\" Нижнекамского муниципального района  Республики Татарстан"]
[48,"Митрухин","Антон","м",8,8,32,100,"участник","нет","Бутов Константин Павлович","Муниципальное бюджетное общеобразовательное учреждение \"Средняя общеобразовательная школа № 27 с углубленным изучением отдельных предметов\" Нижнекамского муниципального района  Республики Татарстан"]
[49,"Мазильникова"," Карина","ж",8,8,30,100,"участник","нет","Бутов Константин Павлович","Муниципальное бюджетное общеобразовательное учреждение \"Средняя общеобразовательная школа № 27 с углубленным изучением отдельных предметов\" Нижнекамского муниципального района  Республики Татарстан"]
[50,"Салихова","Самира","ж",8,8,28,100,"участник","нет","Бутов Константин Павлович","Муниципальное бюджетное общеобразовательное учреждение \"Средняя общеобразовательная школа № 27 с углубленным изучением отдельных предметов\" Нижнекамского муниципального района  Республики Татарстан"]
[51,"Попов","Глеб","м",7,7,51,100,"Призер","нет","Бутов Константин Павлович","Муниципальное бюджетное общеобразовательное учреждение \"Средняя общеобразовательная школа № 27 с углубленным изучением отдельных предметов\" Нижнекамского муниципального района  Республики Татарстан"]
[52,"Трифонова"," Милена","ж",7,7,38,100,"участник","нет","Бутов Константин Павлович","Муниципальное бюджетное общеобразовательное учреждение \"Средняя общеобразовательная школа № 27 с углубленным изучением отдельных предметов\" Нижнекамского муниципального района  Республики Татарстан"]
[53,"Соколова","Полина","ж",7,7,36,100,"участник","нет","Бутов Константин Павлович","Муниципальное бюджетное общеобразовательное учреждение \"Средняя общеобразовательная школа № 27 с углубленным изучением отдельных предметов\" Нижнекамского муниципального района  Республики Татарстан"]
[54,"Самсоненко"," Глеб ","м",7,7,34,100,"участник","нет","Бутов Константин Павлович","Муниципальное бюджетное общеобразовательное учреждение \"Средняя общеобразовательная школа № 27 с углубленным изучением отдельных предметов\" Нижнекамского муниципального района  Республики Татарстан"]
[55,"Риквейль","Марк","м",7,7,30,100,"участник","нет","Бутов Константин Павлович","Муниципальное бюджетное общеобразовательное учреждение \"Средняя общеобразовательная школа № 27 с углубленным изучением отдельных предметов\" Нижнекамского муниципального района  Республики Татарстан"]
[56,"Никитин ","Леон ","м",7,7,28,100,"участник","нет","Бутов Константин Павлович","Муниципальное бюджетное общеобразовательное учреждение \"Средняя общеобразовательная школа № 27 с углубленным изучением отдельных предметов\" Нижнекамского муниципального района  Республики Татарстан"]
[57,"Зиннатова","Ильсияр ","ж",7,7,26,100,"участник","нет","Бутов Константин Павлович","Муниципальное бюджетное общеобразовательное учреждение \"Средняя общеобразовательная школа № 27 с углубленным изучением отдельных предметов\" Нижнекамского муниципального района  Республики Татарстан"]
[58,"Ефимов","Даниил","м",7,7,24,100,"участник","нет","Бутов Константин Павлович","Муниципальное бюджетное общеобразовательное учреждение \"Средняя общеобразовательная школа № 27 с углубленным изучением отдельных предметов\" Нижнекамского муниципального района  Республики Татарстан"]
[59,"Гиздатуллина ","Раксана","ж",7,7,20,100,"участник","нет","Бутов Константин Павлович","Муниципальное бюджетное общеобразовательное учреждение \"Средняя общеобразовательная школа № 27 с углубленным изучением отдельных предметов\" Нижнекамского муниципального района  Республики Татарстан"]
[60,"Богданова ","Татьяна","ж",7,7,18,100,"участник","нет","Бутов Константин Павлович","Муниципальное бюджетное общеобразовательное учреждение \"Средняя общеобразовательная школа № 27 с углубленным изучением отдельных предметов\" Нижнекамского муниципального района  Республики Татарстан"]
[61,"Емельянова","Зарина","ж",6,6,51,100,"призер","нет","Туганов Александр Валентинович","Муниципальное бюджетное общеобразовательное учреждение \"Средняя общеобразовательная школа № 27 с углубленным изучением отдельных предметов\" Нижнекамского муниципального района  Республики Татарстан"]
[62,"Тахавова ","Юлиана","ж",6,6,42,100,"участник","нет","Туганов Александр Валентинович","Муниципальное бюджетное общеобразовательное учреждение \"Средняя общеобразовательная школа № 27 с углубленным изучением отдельных предметов\" Нижнекамского муниципального района  Республики Татарстан"]
[63,"Базаров","Егор","м",6,6,40,100,"участник","нет","Туганов Александр Валентинович","Муниципальное бюджетное общеобразовательное учреждение \"Средняя общеобразовательная школа № 27 с углубленным изучением отдельных предметов\" Нижнекамского муниципального района  Республики Татарстан"]
[64,"Бакилов ","Роман","м",6,6,39,100,"участник","нет","Туганов Александр Валентинович","Муниципальное бюджетное общеобразовательное учреждение \"Средняя общеобразовательная школа № 27 с углубленным изучением отдельных предметов\" Нижнекамского муниципального района  Республики Татарстан"]
[65,"Булашов","Мирослав ","м",6,6,36,100,"участник","нет","Туганов Александр Валентинович","Муниципальное бюджетное общеобразовательное учреждение \"Средняя общеобразовательная школа № 27 с углубленным изучением отдельных предметов\" Нижнекамского муниципального района  Республики Татарстан"]
[66,"Ильясова","Альмира ","ж",6,6,34,100,"участник","нет","Туганов Александр Валентинович","Муниципальное бюджетное общеобразовательное учреждение \"Средняя общеобразовательная школа № 27 с углубленным изучением отдельных предметов\" Нижнекамского муниципального района  Республики Татарстан"]
[67,"Кадырова","Элина","ж",6,6,33,100,"участник","нет","Туганов Александр Валентинович","Муниципальное бюджетное общеобразовательное учреждение \"Средняя общеобразовательная школа № 27 с углубленным изучением отдельных предметов\" Нижнекамского муниципального района  Республики Татарстан"]
[68,"Габбасова","Сабрина","ж",6,6,32,100,"участник","нет","Туганов Александр Валентинович","Муниципальное бюджетное общеобразовательное учреждение \"Средняя общеобразовательная школа № 27 с углубленным изучением отдельных предметов\" Нижнекамского муниципального района  Республики Татарстан"]
[69,"Гафуров","Булат","м",6,6,30,100,"участник","нет","Туганов Александр Валентинович","Муниципальное бюджетное общеобразовательное учреждение \"Средняя общеобразовательная школа № 27 с углубленным изучением отдельных предметов\" Нижнекамского муниципального района  Республики Татарстан"]
[70,"Дибердиев","Айдар","м",6,6,28,100,"участник","нет","Туганов Александр Валентинович","Муниципальное бюджетное общеобразовательное учреждение \"Средняя общеобразовательная школа № 27 с углубленным изучением отдельных предметов\" Нижнекамского муниципального района  Республики Татарстан"]
[71,"Дмитриева","Полина","ж",6,6,21,100,"участник","нет","Туганов Александр Валентинович","Муниципальное бюджетное общеобразовательное учреждение \"Средняя общеобразовательная школа № 27 с углубленным изучением отдельных предметов\" Нижнекамского муниципального района  Республики Татарстан"]
[72,"Муллина","Таисия","ж",5,5,2,100,"участник","нет","Бутов Константин Павлович","Муниципальное бюджетное общеобразовательное учреждение \"Средняя общеобразовательная школа № 27 с углубленным изучением отдельных предметов\" Нижнекамского муниципального района  Республики Татарстан"]